000
00305nam a2200121Ia 4500
008
190216s9999||||xx |||||||||||||| ||und||
100
_a
Vayalar Ramavarma
245
0
_a
Konthayum Poonoolum
260
_b
Sahithya Pravarthaka Sahakarana Sangam
_c
1950
300
_a
111p
650
_a
Kavithkal
942
_c
BK
999
_c
23851
_d
23851